| 000 | 02025cam a2200373 a 4500 | ||
|---|---|---|---|
| 001 | 5307333 | ||
| 003 | OSt | ||
| 005 | 20211027161411.0 | ||
| 008 | 041101s2005 njua b 001 0 eng | ||
| 010 | _a 2004063209 | ||
| 020 | _a8129709759 | ||
| 035 | _a(OCoLC)ocm56924768 | ||
| 035 | _a(NNC)5307333 | ||
| 038 | _akhadija | ||
| 040 |
_aDLC _cDLC _dC#P _dOrLoB-B |
||
| 050 | 0 | 0 |
_aTK7888.4 _b.K36 2005 |
| 082 | 0 | 0 |
_a621.395 _222 _bKAT |
| 100 | 1 |
_aKatz, Randy H., _d1955- _983512 |
|
| 245 | 1 | 0 |
_aContemporary Logic Design / _cRandy H. Katz, Gaetano Borriello. |
| 250 | _a2nd ed. | ||
| 260 |
_aUpper Saddle River, N.J. : _bPearson Prentice Hall, _cc2005. |
||
| 300 |
_axviii, 590 p. : _bill. ; _c25 cm. |
||
| 504 | _aIncludes bibliographical references and index. | ||
| 505 | 0 | 0 |
_gCh. 1. _tIntroduction -- _gCh. 2. _tCombinational logic -- _gCh. 3. _tWorking with combinational logic -- _gCh. 4. _tCombinational logic technologies -- _gCh. 5. _tCase studies in combinational logic design -- _gCh. 6. _tSequential logic design -- _gCh. 7. _tFinite state machines -- _gCh. 8. _tWorking with finite state machines -- _gCh. 9. _tSequential logic technologies -- _gCh. 10. _tCase studies in sequential logic design -- _gApp. A. _tNumber systems -- _gApp. B. _tBasic electronics -- _gApp. C. _tFlip-flop types. |
| 520 | 1 | _a"Although the complexity of designs is necessitating ever more powerful abstractions, the fundamentals remain unchanged. The contemporary digital designer must have a much broader understanding of the discipline of computation, including both hardware and software. This broader perspective is present in this second edition."--BOOK JACKET. | |
| 563 | _aPB | ||
| 650 | 0 |
_aElectronic digital computers _xCircuits _xDesign. _983513 |
|
| 650 | 0 |
_aIntegrated circuits _xVery large scale integration _xDesign _xData processing. _910557 |
|
| 650 | 0 |
_aLogic design _xData processing. _92936 |
|
| 650 | 0 |
_aComputer-aided design. _910558 |
|
| 700 | 1 |
_aBorriello, Gaetano. _983514 |
|
| 900 | _bTOC | ||
| 942 |
_2ddc _cBK |
||
| 999 |
_c31891 _d31891 |
||